000 02029nab a2200289 a 4500
005 20210219163559.0
008 991125s1985 mx 000 0 spa u
024 3 _adx.doi.org/10.24836/es.v27i50.483
035 _aUPN01000225341
049 _aART
100 1 _aLuyando Cuevas, José Raúl
100 1 _aAlvarado Lagunas, Elías
100 1 _aMorales Ramírez, Dionicio
222 0 _aESTUDIOS SOCIALES : REVISTA DE ALIMENTACION CONTEMPORANEA Y DESARROLLO REGIONAL
245 0 0 _aConsumo con conciencia social y ecológica en nueve municipios del área metropolitana de Monterrey
260 _aHermosillo, México
362 0 _a2017 Volumen 27, número 50, julio-diciembre
520 3 _aObjetivo: realizar un estudio sobre el tipo de consumo que se practica en el Área Metropolitana de Monterrey, Nuevo León, México. Con el propósito de saber si éste se efectúa de forma tal que los individuos pudieran estar considerando su impacto sobre el medio ambiente. Metodología: se efectuó una encuesta a 613 personas del lugar y los resultados fueron analizados con métodos estadísticos. Resultados: se encontró que aunque la gente señala conocer conceptos relacionados a la sostenibilidad, le dan poca importancia al perjuicio que su demanda de bienes y servicios causa al medio ambiente. Limitaciones: por cuestiones presupuestarias, haber realizado un muestreo que aunque representativo no fue aleatorio. Conclusiones: aunque los individuos en su mayoría señalan conocer conceptos relacionados a la sostenibilidad, podemos advertir que más que razonados estos son intuitivos y, en general, aleccionados desde los medios de comunicación
653 0 _aCONSUMO
653 0 _aIMPACTO AMBIENTAL
653 0 _aSOSTENIBILIDAD
653 0 _aMONTERREY, NUEVO LEON
856 4 _uhttp://dx.doi.org/10.24836/es.v27i50.483
856 4 _uhttps://www.ciad.mx/estudiosociales/index.php/es/article/view/483/304
856 4 _uhttp://www.redalyc.org/jatsRepo/417/41751187015/html/index.html
905 _aArticulo
999 _c197437
_d197437